Регионална библиотека "Любен Каравелов" - Русе

Лекционен курс по теория на възпитанието (Запис номер 60903)

MARC детайли
000 -Лидер
Контролно поле с фиксирана дължина nam a22 a 4500
003 - Код на организацията, давaща контролен номер
Контролно поле BLK
005 - Дата и час на последна редакция
Контролно поле 20230328124716.0
008 - Елементи от данни с фиксирана дължина
fixed length control field 180408b bul|||||r ||||||| ||bul||
010 ## - Наследен системен номер
LC control number KNG00065091000
040 ## - Източник на каталожния запис
Идентификатор на билиотеката - собственик на записа BLK
041 ## - Код за език
Код за езика на текст/звукозапис или на отделно заглавие Български
Код за езика КДБФ Български
080 ## - УДК
Текстов определител УДК Основи на възпитанието (материални, теоретични, философски и др.). Педагогика
УДК код - определител по УДК 37.01
УДК определител (075.8)
УДК - код + определител 37.01(075.8)
139 ## - Редно поле
Редна дума Лекционен курс по теория на възпитанието
245 10 - Сведения за заглавието
Заглавие Лекционен курс по теория на възпитанието
Подзаглавни данни За студентите от СУ Св. Кл. Охридски : Ч. 1 -
Редно поле (дума) ред. Руска Ангелова Бабалова; съавт. на том Руска Ангелова Бабалова; съавт. на том Дияна Банчовска.
Том Ч. 1
257 ## - Страна на издаване
Страна на създаване/издаване България
260 ## - Област на издателските данни
Място на издаване, разпространение и проч. София
Име на издателя, разпространителя и проч. Унив. изд. Св. Климент Охридски
Година на издаване 1991
300 ## - Физическа характеристика
Размери/Мащаб 21 см
380 ## - Жанр
Жанр Обществени науки
650 #4 - Допълнително описание по предмет – тема
Основно описание – тема или топоним Възпитание - теория - учебници за ВУЗ
9 (RLIN) 249064
653 ## - Ключова дума – ненормативна
Ключова дума възпитание
653 ## - Ключова дума – ненормативна
Ключова дума учебници за ВУЗ
700 1# - Други автори (авторска отговорност)
Лично име Бабалова, Руска Ангелова
Автороска отговорност (Описва отношението между автора и произведението) ред.
9 (RLIN) 35035
700 1# - Други автори (авторска отговорност)
Лично име Бабалова, Руска Ангелова
Автороска отговорност (Описва отношението между автора и произведението) съавт. на том
9 (RLIN) 35035
700 1# - Други автори (авторска отговорност)
Лично име Банчовска, Дияна
Автороска отговорност (Описва отношението между автора и произведението) съавт. на том
9 (RLIN) 36449
760 1# - Описание на основната серия
Място на издаване, издател и година 1991
Страници - том 140 с., 21 см
Заглавие Ч. 1
852 ## - Местоположение
Форматна сигнатура Цб 171368
Фондова буква Хранилище
856 4# - Електронен адрес и достъп
Електронен формат pdf - файл
Инструкция (цена за достъп) 0.00
Права за достъп disable
856 4# - Електронен адрес и достъп
Електронен формат pdf - файл
Инструкция (цена за достъп) 0.00
Права за достъп disable
999 ## - СИСТЕМНИ КОНТРОЛНИ НОМЕРА
Koha biblionumber 60903
Koha biblioitemnumber 60903
942 ## - АРТИКУЛИ
Вид на библиотечния материал Книги
Скрит в OPAC Не
Koha issues (borrowed), all copies 1
Периодичен библиозапис Да
944 ## - СЪЗДАВАНЕ И РЕДАКЦИЯ на ЗАПИСА
Създаване/Редакция Създаване
Дата на регистрацията/редакция 13.06.2004
Служител, извършил регистрацията/редакцията Читалня
944 ## - СЪЗДАВАНЕ И РЕДАКЦИЯ на ЗАПИСА
Създаване/Редакция Редакция
Дата на регистрацията/редакция 25.08.2015
999 ## - СИСТЕМНИ КОНТРОЛНИ НОМЕРА
Koha biblioitemnumber 60903
Наличности
Код за отписване Код за изгубен артикул Източник на класификационната схема Код за повреда Коз за рестрикции Код за отдаване Артикулен № Име на библиотеката - собственик Име на библиотеката, в която се намира в момента Статус (Текущо местоположение) Дата на вписване в системата Местоположение - отдел Цена в лева Инвентарен номер Систематично азбучна сигнатура Баркод Номер на екземпляра Цена в евро Служебна бележка Служебен тип на артикула Бележка за публиката
Изтеглен Не е изгубен Universal Decimal Classification Не е повреден без рестрикции ползва се в читалня 100417 Регионална библиотека "Любен Каравелов" Русе Регионална библиотека "Любен Каравелов" Русе Читалня 1993-01-01 Читалня 14.90 548663 Ч 37.01/Л43 548663 1 7.62 N: стар фонд Дата инв: 14.03.2017 Бележки инв: Ч2017 Книги  
Изтеглен Не е изгубен Universal Decimal Classification Не е повреден без рестрикции заемане за дома 100418 Регионална библиотека "Любен Каравелов" Русе Регионална библиотека "Любен Каравелов" Русе Заемна - подръчен фонд 1991-01-01 Заемна - подръчен фонд 14.90 560567 П 37.01/Л43 560567 2 7.62 N: стар фонд Дата: 01.01.1991 Книги  
Изтеглен Не е изгубен   Не е повреден без рестрикции заемане за дома 100419 Регионална библиотека "Любен Каравелов" Русе Регионална библиотека "Любен Каравелов" Русе   1991-01-01 Заемна - подръчен фонд 1.04 629864 П 37.01/Л43 629864 3 0.53 N: стар фонд Дата: 01.01.1991 Книги Отч.N: 3 , Дата: 17.01.2018
  Не е изгубен Universal Decimal Classification Не е повреден без рестрикции ползва се в читалня 100420 Регионална библиотека "Любен Каравелов" Русе Регионална библиотека "Любен Каравелов" Русе Хранилище 1991-01-01 Хранилище 0.87 577231 Цб 171368 120000577231 4 0.44 Дост: Dp Вид: Д N: стар фонд Дата: 01.01.1991 Книги  
Vip Innovations Ltd, Rousse, Bulgaria 2025